000 00647nas a2200241 4500
001 BR9602915
003 BR-BrBNA
005 20231205094738.0
007 ta
008 230509b bl.|||p| |||| 00| 00por d
040 _aBR-BrBNA
_bpor
_cBiblioteca Nacional de Agricultura
041 _a(Pt)
072 _aF04
100 1 _aAnon.
245 1 _aUrina de vaca: um excelente adubo para abacaxi
650 _aAbacaxi
650 _aVaca
650 _aUrina
650 _aAdubacao
773 0 _tLavoura (Brazil)
_xISSN 0023-9135
_g(Mar 1996), v. 99(616) p. 17-18
_wBR9602915
909 _a202311
_bLúcia
_c55
_dLúcia Elande
942 _2AGRIS
_n0
_cANA
999 _c146559
_d146559